| 000 | 00625nam a2200193Ia 4500 | ||
|---|---|---|---|
| 003 | OSt | ||
| 005 | 20251008120819.0 | ||
| 008 | 220923b |||||||| |||| 00| 0 eng d | ||
| 037 | _cReference | ||
| 040 |
_aRTL _cRTL _beng |
||
| 041 |
_2eng _aeng |
||
| 084 |
_aΣ.4950j73, M5/SC _qRTL |
||
| 245 | 0 | _aHandbook on Korean -US relations: centennial edition | |
| 260 |
_aNew York _bAsia Society _c1985 |
||
| 300 |
_aix,448 p. _ccm. _bIncludes bibliographical references and index. |
||
| 700 |
_aYim Yong Soon _eEditor _9847708 |
||
| 942 |
_hΣ.4950j73, M5/SC _cREF _2CC _n0 |
||
| 999 |
_c621564 _d621564 |
||